Hemangioma esclerosante mandibular em Paralichthys orbignyanus: relato de caso (Registro n. 301138)
[ somente texto ]
| 000 -LÍDER | |
|---|---|
| fixed length control field | 02895nab a2200313 i 4500 |
| 003 - CÓDIGO MARC DA AGÊNCIA CATALOGADORA | |
| Campo de controle | BR-BrBNA |
| 005 - DATA E HORA DA ÚLTIMA ATUALIZAÇÃO | |
| Campo de controle | 20240906101334.0 |
| 008 - CAMPO DE TAMANHO FIXO | |
| fixed length control field | 240906b2018 bl.|r|pooa||| 00| 0 por | |
| 040 ## - FONTE DA CATALOGAÇÃO | |
| Agência catalogadora | BR-BrBNA |
| Idioma da catalogação | por |
| 072 ## - CATEGORIA AGRIS | |
| Código AGRIS | L73 |
| Código do objeto | 8195 |
| 100 ## - ENTRADA PRINCIPAL - NOME PESSOAL | |
| Nome pessoal | Klosterhoff, M.C. |
| 100 ## - ENTRADA PRINCIPAL - NOME PESSOAL | |
| Nome pessoal | Sampaio, L.A. |
| 100 ## - ENTRADA PRINCIPAL - NOME PESSOAL | |
| Nome pessoal | Okamoto, M.H. |
| 100 ## - ENTRADA PRINCIPAL - NOME PESSOAL | |
| Nome pessoal | Pedrosa, V.F. |
| 100 ## - ENTRADA PRINCIPAL - NOME PESSOAL | |
| Nome pessoal | Romano, L.A. |
| 245 ## - TÍTULO PRINCIPAL | |
| Título principal | Hemangioma esclerosante mandibular em Paralichthys orbignyanus: relato de caso |
| 500 ## - NOTA GERAL | |
| Nota geral | Publicação online; 13 ref.; 4 illus.; Summaries (En, Pt) |
| 942 ## - ADDED ENTRY ELEMENTS (KOHA) | |
| Koha item type | |
| 520 ## - NOTA DE RESUMO | |
| Nota de conteúdo | <br/><br/>RESUMO - Neste trabalho, descreveu-se o primeiro caso de hemangioma esclerosante registrado em um exemplar adulto do linguado Paralichthys orbignyanus. Produzido a partir de reprodução artificial, o peixe em questão tinha aproximadamente 10 anos de idade e fazia parte de um plantel de reprodutores. Ao ser retirado do tanque, notou-se a presença de lesão mandibular com escoriações e focos hemorrágicos. Amostras do tumor foram coletadas da mandíbula para análise histopatológica. Microscopicamente foi observada uma proliferação de numerosos vasos sanguíneos rodeados por um estroma conectivo denso. A etiologia dessa neoplasia é desconhecida, mas o fato de o exemplar ter permanecido por muitos anos em cativeiro pode ter contribuído para o surgimento desse tipo de lesão, devido aos choques mecânicos contra a parede do tanque que acontecem esporadicamente.<br/><br/><br/>Palavras-chave: histopatológica, mandíbula, neoplasia |
| 520 ## - NOTA DE RESUMO | |
| Nota de conteúdo | <br/><br/>ABSTRACT - In this study, we described the first case of sclerosing haemangioma in an adult Brazilian flounder Paralichthys orbignyanus. Produced by artificial reproduction, the fish was approximately 10 years old and was maintained at a breeding stock. When removed from the tank, mandibular lesion with excoriations and hemorrhagic foci were noted. Tumor samples were collected from the mandible for histopathological analysis. Proliferation of numerous blood vessels surrounded by dense connective stroma was observed microscopically. The etiology of this neoplasia is unknown, but the fact that the specimen remained in captivity for many years, may have contributed to the appearance of this type of lesion, due to sporadic mechanical shocks to the tank wall.<br/><br/><br/>Keywords. histopathological, mandible, neoplasia |
| 650 ## - ASSUNTO - THESAGRO | |
| Cabeçalho tópico ou nome geográfico | PEIXE MARINHO |
| 650 ## - ASSUNTO - THESAGRO | |
| Cabeçalho tópico ou nome geográfico | NEOPLASIA |
| 650 ## - ASSUNTO - THESAGRO | |
| Cabeçalho tópico ou nome geográfico | MANDÍBULA |
| 650 ## - ASSUNTO - THESAGRO | |
| Cabeçalho tópico ou nome geográfico | LESÃO |
| 650 ## - ASSUNTO - THESAGRO | |
| Cabeçalho tópico ou nome geográfico | HISTOPATOLOGIA |
| 773 0# - ENTRADA ANALÍTICA | |
| Host Biblionumber | 1643 |
| Registro do item | 317735 |
| Imprenta | Belo Horizonte-MG Universidade Federal de Minas Gerais - Escola de Veterinaria 1983 |
| Outro identificador | 2024-4450 |
| Título | Arquivo Brasileiro de Medicina Veterinária e Zootecnia (Brazil) |
| ISSN | 0102-0935 |
| Colação | v. 70(3) p. 793-796; (2018) |
| Número de controle de registro | BR2024002470 |
| 856 ## - ACESSO E ENDEREÇO ELETRÔNICO | |
| Identificador uniforme de recurso - URI | https://www.scielo.br/j/abmvz/a/8MsQQrgGYHYCKFg5mwNqJXv/?format=pdf&lang=pt |
Nenhum exemplar disponível.

BINAGRI